00483pab a2200169 454500008004000000100001800040245007900058260000900137300001200146362001200158650002000170650002100190650001800211650001800229650002600247773004000273180718b2008 xxu||||| |||| 00| 0 eng d aThandavan, R. aPublic policy and governance: (a study on governance reform at grassroots) c2008 ap.9-26. aJan-Mar aGood governance aDecentralization aGlobalization aPublic policy aPublic administration aIndian Journal of Political Science